|
|
|
|
| LEADER |
00975nam a2200265 4500 |
| 001 |
c000039914 |
| 003 |
CARM |
| 005 |
00000000000000.0 |
| 008 |
720605s1972 enka b 00110 eng |
| 015 |
|
|
|a B72-04459
|
| 019 |
1 |
|
|a 23851096
|z 613524
|z 21844344
|z 55202955
|5 LACONCORD2021
|
| 020 |
|
|
|a 0592000699
|
| 035 |
|
|
|a (OCoLC)340654
|5 LACONCORD2021
|
| 050 |
0 |
0 |
|a TA418.9.C6
|b G55
|
| 100 |
1 |
|
|a Gill, Richard Malcolm.
|
| 245 |
1 |
0 |
|a Carbon fibres in composite materials,
|c [by] R. M. Gill.
|
| 260 |
|
|
|a London,
|b Iliffe Books for the Plastics Institute,
|c 1972.
|
| 300 |
|
|
|a [7], 207 p.
|b illus.
|c 23 cm.
|
| 504 |
|
|
|a Includes bibliographical references.
|
| 650 |
|
0 |
|a Fibrous composites.
|
| 650 |
|
0 |
|a Carbon fibers.
|
| 852 |
8 |
|
|b CARM
|h A2:AE36A0
|i B00709
|p 0034347
|f BK
|
| 082 |
0 |
4 |
|a 620.1/1
|
| 999 |
f |
f |
|i 90d627bf-d916-50a0-9739-50e8213d6dc8
|s 1677b786-1201-570f-8d3b-a47b2adc3be4
|
| 952 |
f |
f |
|p Can circulate
|a CAVAL
|b CAVAL
|c CAVAL
|d CARM 1 Store
|e B00709
|f A2:AE36A0
|h Other scheme
|i book
|m 0034347
|